Tiempo suspendido : fotografía sobre la ruta de Antonin Artaud en la Sierra Tarahumara /
El autor de las fotografías reunidas aquí, reconstruye de esta manera la ruta de Antonin Artaud en la Sierra Tarahumara.
محفوظ في:
| المؤلف الرئيسي: | |
|---|---|
| مؤلفون آخرون: | , , |
| التنسيق: | كتاب |
| اللغة: | الإسبانية |
| منشور في: |
México :
Casa de las Imágenes : Centro de Estudios Mexicanos y Centroamericanos,
1995, c1995
|
| الموضوعات: | |
| الوسوم: |
لا توجد وسوم, كن أول من يضع وسما على هذه التسجيلة!
|
MARC
| LEADER | 00000nam^a2200000^a^4500 | ||
|---|---|---|---|
| 001 | 000047350 | ||
| 005 | 20250521000000.0 | ||
| 009 | 20260310090046.033 | ||
| 020 | |a 968-6272-07-0 | ||
| 037 | |a Acervo ITESO - Biblioteca | ||
| 041 | |a ESP | ||
| 082 | |a 770. 972 |b TZO LAV | ||
| 100 | |a Tzontémoc, Pedro |e (fotógrafo) | ||
| 245 | 1 | 0 | |a Tiempo suspendido : |b fotografía sobre la ruta de Antonin Artaud en la Sierra Tarahumara / |c P. Tzontémoc ; textos de G. Lavaudant... [et al.] ; presen. de L.M. Schneider, L. Panaboère. |
| 264 | 4 | |a México : |b Casa de las Imágenes : |b Centro de Estudios Mexicanos y Centroamericanos, |c 1995, c1995 | |
| 300 | |a 145 p. | ||
| 336 | |a texto |b txt |2 rdacontenido | ||
| 337 | |a sin mediación |b n |2 rdamedio | ||
| 338 | |a volumen |b nc |2 rdasoporte | ||
| 520 | |a El autor de las fotografías reunidas aquí, reconstruye de esta manera la ruta de Antonin Artaud en la Sierra Tarahumara. | ||
| 546 | |a Edición bilingüe español-francés | ||
| 649 | |a XX | ||
| 650 | |a Fotógrafos Mexicanos | ||
| 650 | |a Artistas Mexicanos | ||
| 650 | |a Fotografía Mexicana - |y Siglo XX | ||
| 650 | |a Fotografía Mexicana - |x Historia y Crítica | ||
| 650 | |a Arte Mexicano - |y Siglo XX | ||
| 650 | |a Arte Mexicano - |x Historia y Crítica | ||
| 650 | |a Tarahumara (Sierra) - |x Fotografías | ||
| 650 | |a Tarahumara (Sierra) - |x Descripción | ||
| 650 | |a Chihuahua - |x Fotografías | ||
| 650 | |a Chihuahua - |x Descripción | ||
| 650 | |a México - |x Fotografías | ||
| 650 | |a México - |x Descripción | ||
| 650 | |a Artaud, Antonin | ||
| 700 | |a Lavaudant, Georges |e (texto) | ||
| 700 | |a Schneider, Luis Mario |e (presentación) | ||
| 700 | |a Panabiére, Louis |e (presentación) | ||
| 910 | |a Fondo General | ||
| 920 | |a Impresos - Libros | ||
| 930 | |a Reserva Especial | ||
| 905 | |a 103 | ||
| 901 | |a 0500002296 |b IT1 |c REE |u 20250521 | ||
| 902 | |a https://opac.biblio.iteso.mx/vufind/Record/000047350 | ||